| 000 | 00755nam a2200229 4500 | ||
|---|---|---|---|
| 003 | OSt | ||
| 005 | 20240605020848.0 | ||
| 006 | a | ||
| 008 | 240605b |||||||| |||| 00| 0 eng d | ||
| 020 | _a9713012690 | ||
| 040 |
_aDWCL-HMN lib. _cOC |
||
| 082 | _aFil. 648 P433f 2006 | ||
| 100 | _aPerdigon, Grace Portugal | ||
| 245 | _aFood, water and environmental sanitation & safety for the hospitality industry and institutions / | ||
| 260 |
_a Manila : _bMerriam Webster Bookstore, _cc2006. |
||
| 300 |
_axix, _b383 pages : illustrations ; _c25 cm. |
||
| 504 | _aIncludes index. | ||
| 650 | _a1. Food industry and trade–Sanitation. | ||
| 650 | _a 2. Restaurants–Sanitation. | ||
| 700 | _aGrace Portugal Perdigon | ||
| 942 |
_2ddc _n0 _cBK - FIL _kFil. |
||
| 999 |
_c167 _d167 |
||